000 00412nam a2200145Ia 4500
008 100204s9999 xx 000 0 und d
082 _b5024
100 _aगोगटे शकुंतला
245 _aसुकृत
260 _b"उदयदीप प्रकाशन , मुंबई"
_c1982
300 _a268
630 _aसुकृत
730 _aसुकृत
942 _cBOOK
999 _c449675
_d449672